000 00740cam a2200229 4500
001 198
005 20181127160814.0
008 040913s2005 njua b 001 0 eng
010 _a2004058706
020 _a0131487361 (alk. paper)
020 _a0131968718
020 _a9780131487369 (alk. paper)
020 _a9780131968714
100 1 _aRobbins, Stephen P.,
_d1943-
245 1 0 _aFundamentals of management :
_bessential concepts and applications /
_cStephen P. Robbins, David A. DeCenzo.
250 _a5th ed.
260 _aNew Delhi :
_bPearson Education,
_c2008.
300 _a573 p. :
_bill.;
_c28 cm.
504 _aIncludes bibliographical references (p. 511-536) and indexes.
650 0 _aManagement.
700 1 _aDeCenzo, David A.
999 _c179
_d179